| 000 | 00390nam a2200145Ia 4500 | ||
|---|---|---|---|
| 008 | 240624s9999 xx 000 0 und d | ||
| 041 | _aeng | ||
| 082 | _a658.15 GIT | ||
| 100 | _aGITMAN LAWRENCE J | ||
| 245 | _aPERSONAL FINANCIAL PLANNING | ||
| 250 | _a(9th ed.) | ||
| 260 |
_c2002 _aAustralia _bSouth Western Thomson Learning |
||
| 300 | _axxvi, : 709 : p. : cm. ; 26 | ||
| 365 |
_cRS _b30 |
||
| 999 |
_c16430 _d16430 |
||